000 00949nam a2200253Ia 4500
003 OSt
005 20220923211007.0
006 a|||||r|||| 00| 0
007 ta
008 220922b |||||||| |||| 00| 0 hin d
020 _a8170168066 (hbk)
_c150
024 _a235,497
037 _b422, 28/02/2008, University Book House
_cTextual
040 _aARTS
_cARTS
_bhin
041 _2hin
_ahin
082 _aY5926:7yM91, 152P6
100 _aगंगानिया, ईश कुमार
_9156937
245 0 _aअम्बेडकरवादी आलोचना के प्रतिमान
246 _aAmbeḍakaravādī ālochanā ke pratimāna
260 _aनई दिल्ली
_b किताबघर
_c2006
300 _a144पृ.
_ccm.
942 _hY5926:7yM91, 152P6
_cTEXL
_2CC
999 _c293646
_d293646